[Event "NED-ch 1996 sf"]
[Site "Enschede"]
[Date "1995.??.??"]
[Round "7"]
[White "Bosch, Jeroen"]
[Black "Kroeze, Frank"]
[Result "1-0"]
[WhiteElo "2425"]
[BlackElo "2395"]
[PlyCount "59"]
[EventDate "1995.??.??"]

1. Nf3 Nf6 2. d4 d5 3. c4 c6 4. e3 e6 5. Nbd2 Nbd7 6. Bd3 Bd6 7. O-O O-O 8. e4
e5 9. cxd5 cxd5 10. exd5 exd4 11. Ne4 Nxe4 12. Bxe4 Re8 13. Qxd4 Qf6 14. Qxf6
Nxf6 15. Bc2 Nxd5 16. Rd1 Be6 17. Bb3 Rad8 18. Rxd5 Bxd5 19. Bxd5 Bc5 20. Bb3
Re2 21. Be3 Bxe3 22. fxe3 Rxb2 23. Rc1 a5 24. Rc7 b5 25. Bxf7+ Kh8 26. Bd5 g5
27. e4 h6 28. Ne5 Rb1+ 29. Kf2 Rf8+ 30. Kg3 1-0

[Event "NED-ch 1996 sf"]
[Site "Enschede"]
[Date "1995.??.??"]
[Round "7"]
[White "Hommeles, Theo"]
[Black "Delemarre, Jop"]
[Result "0-1"]
[WhiteElo "2275"]
[BlackElo "2320"]
[PlyCount "74"]
[EventDate "1995.??.??"]

1. e4 g6 2. d4 Bg7 3. Nf3 c6 4. Be2 d6 5. a4 Nf6 6. Nc3 O-O 7. O-O Nbd7 8. Be3
b6 9. Nd2 a6 10. f4 Bb7 11. e5 Ne8 12. Nce4 f5 13. Ng5 Nc7 14. Bc4+ d5 15. Bd3
c5 16. c3 h6 17. Ngf3 Ne6 18. Nh4 Qe8 19. g4 cxd4 20. cxd4 Ndc5 21. dxc5 d4 22.
Bc4 dxe3 23. Bxe6+ Kh7 24. gxf5 Rd8 25. Qg4 Rxd2 26. Qxg6+ Qxg6+ 27. fxg6+ Kh8
28. Bg4 e2 29. Rf2 Bxe5 30. Rxe2 Bd4+ 31. Kf1 Rxf4+ 32. Bf3 Rd3 33. cxb6 Bxf3
34. Nxf3 Rdxf3+ 35. Kg2 Rf2+ 36. Rxf2 Rxf2+ 37. Kg3 Rxb2 0-1

[Event "NED-ch 1996 sf"]
[Site "Enschede"]
[Date "1995.??.??"]
[Round "7"]
[White "Langeweg, Kick"]
[Black "Hendriks, Willy"]
[Result "0-1"]
[WhiteElo "2375"]
[BlackElo "2395"]
[PlyCount "68"]
[EventDate "1995.??.??"]

1. d4 g6 2. e4 Bg7 3. c3 d6 4. Nf3 Nf6 5. Bd3 O-O 6. O-O Nc6 7. Nbd2 e5 8. dxe5
dxe5 9. Qc2 Nh5 10. Re1 Nf4 11. Bf1 Qf6 12. Nc4 Be6 13. Be3 Rfd8 14. b4 Bf8 15.
a4 h5 16. Nfd2 Ne7 17. Nb3 b6 18. a5 g5 19. Na3 Neg6 20. Nb5 Qe7 21. Red1 Rdc8
22. Rd2 Bh6 23. axb6 axb6 24. Na7 Rf8 25. Bb5 Kh7 26. Bf1 Qf6 27. c4 Rg8 28.
Nb5 Rxa1 29. Nxa1 Nh4 30. Nxc7 Nfxg2 31. Nd5 Qf3 32. Be2 Nxe3 33. Nxe3 Qh3 34.
Rd3 g4 0-1

[Event "NED-ch 1996 sf"]
[Site "Enschede"]
[Date "1995.??.??"]
[Round "7"]
[White "Oei, Hway Ik"]
[Black "Van Doeland, Julius"]
[Result "1/2-1/2"]
[WhiteElo "2235"]
[BlackElo "2290"]
[PlyCount "132"]
[EventDate "1995.??.??"]

1. c4 e5 2. Nc3 Nf6 3. g3 Nc6 4. Bg2 Bc5 5. e3 O-O 6. Nge2 Re8 7. d3 d6 8. a3
a6 9. O-O Ba7 10. b4 Bg4 11. h3 Bd7 12. Rb1 Ne7 13. Kh2 c6 14. e4 d5 15. Bg5 d4
16. Na4 Ng6 17. c5 h6 18. Bd2 Nh7 19. Nb2 Bb8 20. Nc4 Bc7 21. f4 exf4 22. gxf4
Nh4 23. Bh1 Be6 24. Rc1 Qd7 25. Ng1 Nf6 26. Nb6 Bxb6 27. cxb6 Qd8 28. f5 Bd7
29. Bf4 Qxb6 30. Bg3 Nxf5 31. exf5 a5 32. Rc4 Re3 33. Ne2 axb4 34. Rxb4 Qc5 35.
Rc4 Qxa3 36. Rxd4 Qb2 37. Rf2 Rxe2 38. Qxe2 Qxd4 39. Be5 Qh4 40. Rf4 Qg5 41. h4
Ng4+ 42. Qxg4 Ra2+ 43. Kg3 Qxg4+ 44. Kxg4 Rh2 45. Bf3 f6 46. Bc7 g5 47. hxg5
hxg5 48. Re4 Rh4+ 49. Kg3 Bxf5 50. Rxh4 gxh4+ 51. Kxh4 Bxd3 52. Bb6 Kf7 53. Bg4
f5 54. Bh3 Ke6 55. Kg5 Ke5 56. Bc7+ Kd5 57. Bb6 c5 58. Bxf5 c4 59. Bxd3 cxd3
60. Ba5 Ke4 61. Kf6 b5 62. Ke6 Kd4 63. Kf5 Ke3 64. Ke5 d2 65. Bxd2+ Kxd2 66.
Kd4 Kc2 1/2-1/2

[Event "NED-ch 1996 sf"]
[Site "Enschede"]
[Date "1995.??.??"]
[Round "7"]
[White "Riemersma, Liafbern"]
[Black "Lemmers, Oscar"]
[Result "0-1"]
[WhiteElo "2415"]
[BlackElo "2355"]
[PlyCount "136"]
[EventDate "1995.??.??"]

1. d4 Nf6 2. c4 c5 3. d5 e6 4. Nc3 exd5 5. cxd5 d6 6. e4 g6 7. Nf3 Bg7 8. h3 a6
9. a4 O-O 10. Bd3 Nh5 11. O-O Nd7 12. Re1 Re8 13. a5 Rb8 14. Ra2 Qc7 15. Qa4
Re7 16. Qc2 Re8 17. Qa4 Qd8 18. Qc2 Ne5 19. Be2 Nxf3+ 20. Bxf3 Qh4 21. Qd2 Bd4
22. Ra4 Be5 23. Qh6 Bg7 24. Qg5 Qxg5 25. Bxg5 b5 26. axb6 Rxb6 27. Ra2 Be5 28.
Nd1 Nf4 29. Ne3 Nd3 30. Rb1 Rb4 31. Be2 Nxb2 32. Bxa6 Bxa6 33. Rxa6 h5 34. Ra2
f6 35. Bh4 Nd3 36. Rxb4 cxb4 37. Rd2 Nc5 38. f3 f5 39. Nc4 Bf4 40. Rb2 Nd3 41.
Rb3 fxe4 42. g3 Rc8 43. fxe4 Rxc4 44. gxf4 Nc5 45. Rb1 Nxe4 46. Ra1 Rc8 47. Bf2
Nxf2 48. Kxf2 b3 49. Kg3 b2 50. Rb1 Rb8 51. Kh4 Kg7 52. Kg5 Rb5 53. f5 Rxd5 54.
Rxb2 Rxf5+ 55. Kh4 Kf6 56. Rb4 Rf3 57. Rb8 Rf4+ 58. Kg3 Rd4 59. Rf8+ Kg5 60.
Ra8 Rd3+ 61. Kg2 d5 62. Ra6 h4 63. Rd6 Kf5 64. Rd8 Ke4 65. Re8+ Kd4 66. Ra8
Rg3+ 67. Kh2 g5 68. Rd8 Ke4 0-1

[Event "NED-ch 1996 sf"]
[Site "Enschede"]
[Date "1995.??.??"]
[Round "7"]
[White "Strating, Sybolt"]
[Black "Perez Garcia, Hebert"]
[Result "1-0"]
[WhiteElo "2310"]
[BlackElo "2240"]
[PlyCount "197"]
[EventDate "1995.??.??"]

1. d4 e6 2. g3 f5 3. Bg2 Nf6 4. Nf3 d5 5. O-O Bd6 6. b3 Qe7 7. c4 c6 8. Bb2
Nbd7 9. Nbd2 Ne4 10. Ne5 O-O 11. Nd3 b6 12. Rc1 Bb7 13. Rc2 Rac8 14. Qa1 c5 15.
dxc5 bxc5 16. e3 Rfd8 17. Nf3 dxc4 18. bxc4 Nb6 19. Nfe5 Na4 20. Ba3 Nf6 21. f3
Nd7 22. Rb1 Nxe5 23. Nxe5 Qc7 24. f4 Bxg2 25. Kxg2 Bxe5 26. Qxe5 Qc6+ 27. Kh3
Rc7 28. Bb2 Rf7 29. e4 fxe4 30. Re1 Qd7 31. Rxe4 Qd3 32. Ree2 Re8 33. Qe4 Nxb2
34. Rxb2 Qd1 35. Rbd2 Qf1+ 36. Qg2 Qb1 37. Qe4 Qf1+ 38. Qg2 Qb1 39. Qf2 Qb4 40.
Re4 Qb7 41. Re5 Rf6 42. Qe2 Qc6 43. Qe4 Qc8 44. Re2 Rd8 45. Kg2 Rd4 46. Qf3 g6
47. R5e4 Qd7 48. Rb2 Rf8 49. Rbe2 Re8 50. h4 Re7 51. h5 Kf7 52. g4 a5 53. g5
Rd3 54. R4e3 Rd4 55. Re4 Rd3 56. Qg4 Rd2 57. Qh3 Kg8 58. hxg6 hxg6 59. Qc3
Rxe2+ 60. Rxe2 Qb7+ 61. Kg3 Qb1 62. Re1 Qb4 63. Qxb4 axb4 64. Re5 Kf7 65. Rxc5
Ra7 66. Rb5 Ra3+ 67. Kg4 Rxa2 68. Rxb4 Rf2 69. Kg3 Rf1 70. Rb7+ Kf8 71. Rc7 Re1
72. Kf2 Re4 73. Kf3 Re1 74. Rc5 Ke7 75. Ra5 Rc1 76. Ra7+ Kf8 77. Ke4 Rxc4+ 78.
Ke5 Rc5+ 79. Kf6 Rf5+ 80. Kxg6 Rxf4 81. Ra5 e5 82. Rxe5 Ra4 83. Re6 Ra1 84. Rb6
Rg1 85. Rb5 Ra1 86. Rb8+ Ke7 87. Kg7 Rg1 88. g6 Rg2 89. Rb1 Rg3 90. Re1+ Kd7
91. Kf7 Rf3+ 92. Kg8 Rf2 93. g7 Rh2 94. Re4 Rh1 95. Kf7 Rf1+ 96. Kg6 Rg1+ 97.
Kf6 Kd8 98. Re5 Kd7 99. Rg5 1-0

[Event "NED-ch 1996 sf"]
[Site "Enschede"]
[Date "1995.??.??"]
[Round "7"]
[White "Van der Poel, Henk"]
[Black "Klip, Hans"]
[Result "1/2-1/2"]
[WhiteElo "2355"]
[BlackElo "2340"]
[PlyCount "82"]
[EventDate "1995.??.??"]

1. e4 e5 2. Nf3 Nc6 3. Bb5 a6 4. Ba4 Nf6 5. Qe2 Bc5 6. O-O b5 7. Bb3 O-O 8. c3
d5 9. d3 d4 10. Bg5 h6 11. Bxf6 Qxf6 12. Bd5 dxc3 13. bxc3 Bd7 14. Nbd2 Rad8
15. Nb3 Bb6 16. Bxc6 Bxc6 17. Rad1 Rfe8 18. h3 a5 19. Nh2 a4 20. Ng4 Qg6 21.
Nc1 Ba5 22. Qc2 f5 23. exf5 Qxf5 24. Ne2 Bb6 25. Ng3 Qf4 26. Kh1 Rf8 27. Qe2
Rde8 28. Ne4 Re6 29. f3 Qf5 30. Ne3 Qf7 31. Nc2 Qh5 32. Nb4 Bb7 33. c4 bxc4 34.
dxc4 Bd4 35. Nd3 Rg6 36. Kh2 Bc8 37. Rb1 Rb6 38. Rxb6 cxb6 39. Rb1 Qf7 40. c5
Ba6 41. cxb6 Rb8 1/2-1/2

[Event "NED-ch 1996 sf"]
[Site "Enschede"]
[Date "1995.??.??"]
[Round "7"]
[White "Van der Weide, Karel"]
[Black "Douven, Rudy"]
[Result "0-1"]
[WhiteElo "2325"]
[BlackElo "2410"]
[PlyCount "98"]
[EventDate "1995.??.??"]

1. e4 c6 2. d3 d5 3. Nd2 Qc7 4. Ngf3 Bg4 5. h3 Bh5 6. g3 e6 7. Bg2 Nd7 8. O-O
Bc5 9. Kh1 Ne7 10. Qe1 h6 11. b3 Bb4 12. g4 Bc3 13. Rb1 Bg6 14. Ng1 Nc5 15. b4
Na4 16. Ne2 a5 17. a3 O-O 18. f4 f6 19. f5 Bf7 20. Qh4 e5 21. bxa5 Bxa5 22. Nb3
dxe4 23. Bxe4 Bb6 24. c4 Nc5 25. Nxc5 Bxc5 26. Ng3 Nc8 27. Bxh6 gxh6 28. Qxf6
Be3 29. h4 Qd6 30. Qxd6 Nxd6 31. Rf3 Bf4 32. c5 Nxe4 33. dxe4 Ra5 34. Ne2 Rxc5
35. Nxf4 exf4 36. Rxf4 Rc4 37. g5 hxg5 38. hxg5 Rxe4 39. Rb4 Rxf4 40. Rxf4 Be6
41. f6 Kf7 42. Rb4 b5 43. a4 Rh8+ 44. Kg1 Rg8 45. a5 Rxg5+ 46. Kf2 Kxf6 47. Ke3
Ke5 48. a6 Rg3+ 49. Kd2 Ra3 0-1

[Event "NED-ch 1996 sf"]
[Site "Enschede"]
[Date "1995.??.??"]
[Round "7"]
[White "Wuts, Frank"]
[Black "Hoeksema, Erik"]
[Result "1-0"]
[WhiteElo "2335"]
[BlackElo "2410"]
[PlyCount "41"]
[EventDate "1995.??.??"]

1. e4 c5 2. Nc3 Nc6 3. d3 g6 4. f4 Bg7 5. Nce2 d6 6. h3 e5 7. c3 Nge7 8. Nf3
O-O 9. g4 exf4 10. Bxf4 d5 11. Qc1 b6 12. Ng3 Ba6 13. Bh6 dxe4 14. dxe4 Bxf1
15. Rxf1 Qd6 16. Rg1 Rfe8 17. Bxg7 Kxg7 18. Qg5 f6 19. Nh5+ Kf7 20. Qh6 gxh5
21. Ng5+ 1-0

[Event "NED-ch 1996 sf"]
[Site "Enschede"]
[Date "1995.??.??"]
[Round "7"]
[White "Zagema, Wieb"]
[Black "Ellenbroek, Ton"]
[Result "1-0"]
[WhiteElo "2395"]
[BlackElo "2120"]
[PlyCount "77"]
[EventDate "1995.??.??"]

1. c4 e5 2. Nc3 Nc6 3. g3 g6 4. Bg2 Bg7 5. e3 Nge7 6. Nge2 O-O 7. Rb1 d5 8.
Nxd5 Nxd5 9. cxd5 Nb4 10. Qb3 a5 11. a3 Na6 12. O-O e4 13. Nc3 Nc5 14. Qc2 f5
15. Nb5 b6 16. b4 axb4 17. axb4 Nd3 18. Nxc7 Ra7 19. d6 Rb7 20. Qc6 Be5 21. f3
Qxd6 22. Qxd6 Bxd6 23. Nb5 Bxb4 24. fxe4 Rd7 25. e5 Bc5 26. Bb2 Nxb2 27. Rxb2
Rd3 28. Rf2 Be6 29. Bf1 Rb3 30. d4 Be7 31. Nc7 Rxb2 32. Rxb2 Bd7 33. Nd5 Bd8
34. Nxb6 Bc6 35. Bc4+ Kg7 36. d5 Be8 37. Nc8 Bd7 38. Rb7 Rf7 39. Nd6 1-0

[Event "NED-ch 1996 sf"]
[Site "Enschede"]
[Date "1995.??.??"]
[Round "8"]
[White "Douven, Rudy"]
[Black "Borst, Johan"]
[Result "1-0"]
[WhiteElo "2410"]
[BlackElo "2320"]
[PlyCount "51"]
[EventDate "1995.??.??"]

1. d4 d5 2. c4 c6 3. Nc3 Nf6 4. e3 g6 5. Nf3 Bg7 6. Be2 O-O 7. O-O e6 8. b4 b6
9. Qb3 Nbd7 10. a4 Bb7 11. cxd5 Nxd5 12. Nxd5 exd5 13. Bb2 a5 14. bxa5 Rxa5 15.
Bc3 Ra7 16. a5 b5 17. Ne1 c5 18. Bxb5 c4 19. Qb2 Ba6 20. Bxa6 Rxa6 21. Qb5 Nb8
22. Nc2 g5 23. Nb4 Rh6 24. Qxd5 Qc7 25. g3 Rd8 26. Qg2 1-0

[Event "NED-ch 1996 sf"]
[Site "Enschede"]
[Date "1995.??.??"]
[Round "8"]
[White "Klip, Hans"]
[Black "Oei, Hway Ik"]
[Result "1-0"]
[WhiteElo "2340"]
[BlackElo "2235"]
[PlyCount "45"]
[EventDate "1995.??.??"]

1. e4 c6 2. d4 d5 3. f3 e6 4. Nc3 Bb4 5. Bf4 dxe4 6. fxe4 Nf6 7. Qd3 O-O 8. a3
Bxc3+ 9. bxc3 Qa5 10. e5 Nd5 11. Bd2 b5 12. Qh3 Qc7 13. Bd3 f5 14. exf6 Nxf6
15. Nf3 e5 16. Qg3 Nbd7 17. O-O Qb6 18. Nxe5 Nxe5 19. Qxe5 Bd7 20. Qg3 Be6 21.
Qh4 Rf7 22. Bg5 Qd8 23. Bxh7+ 1-0

[Event "NED-ch 1996 sf"]
[Site "Enschede"]
[Date "1995.??.??"]
[Round "8"]
[White "Kroeze, Frank"]
[Black "Van Mil, Johan"]
[Result "0-1"]
[WhiteElo "2395"]
[BlackElo "2435"]
[PlyCount "86"]
[EventDate "1995.??.??"]

1. e4 c6 2. d4 d5 3. Nc3 g6 4. h3 Bg7 5. Nf3 Nh6 6. Bf4 f6 7. exd5 cxd5 8. Nb5
O-O 9. Nc7 e5 10. Bxh6 Bxh6 11. Nxa8 e4 12. Nd2 Nc6 13. c3 Re8 14. Be2 e3 15.
Nf3 exf2+ 16. Kxf2 Be3+ 17. Kf1 Ne7 18. Bd3 Nf5 19. g4 Ng3+ 20. Kg2 Nxh1 21.
Kxh1 Bf4 22. Qa4 Re3 23. Re1 Bd7 24. Qb3 Rxe1+ 25. Nxe1 Bc6 26. Ng2 Bb8 27. Ne3
f5 28. Qd1 f4 29. Ng2 Qe8 30. Qf3 Bd6 31. Bc2 Kg7 32. c4 dxc4 33. d5 Bd7 34.
Be4 Qe5 35. h4 Qxb2 36. h5 Qa1+ 37. Kh2 Qe5 38. hxg6 hxg6 39. Nh4 Bxg4 40. Qxg4
Qxe4 41. Qd7+ Qe7 42. Qxe7+ Bxe7 43. Nf3 Bd6 0-1

[Event "NED-ch 1996 sf"]
[Site "Enschede"]
[Date "1995.??.??"]
[Round "8"]
[White "Strating, Sybolt"]
[Black "Van der Weide, Karel"]
[Result "1/2-1/2"]
[WhiteElo "2310"]
[BlackElo "2325"]
[PlyCount "133"]
[EventDate "1995.??.??"]

1. d4 Nf6 2. c4 d6 3. Nc3 Nbd7 4. e4 e5 5. Nf3 g6 6. g3 Bg7 7. Bg2 O-O 8. O-O
c6 9. Re1 a5 10. b3 Re8 11. Ba3 exd4 12. Nxd4 Nc5 13. Qd2 Qb6 14. Rad1 Bg4 15.
f3 Bd7 16. Qf2 Rad8 17. Nde2 Bc8 18. Rxd6 Rxd6 19. Bxc5 Qd8 20. Bxd6 Qxd6 21.
c5 Qd2 22. Rd1 Qb2 23. Qe3 Nd7 24. Rd2 Qa1+ 25. Rd1 Qb2 26. Rd2 Qa1+ 27. Kf2 f5
28. Qd3 fxe4 29. Nxe4 Ne5 30. Qc2 Bf5 31. N2c3 Ng4+ 32. fxg4 Bxg4 33. Rd1 Rf8+
34. Kg1 Bd4+ 35. Kh1 Bxd1 36. Nxd1 Kg7 37. h3 Rd8 38. Bf3 a4 39. bxa4 Rd7 40.
Kg2 h6 41. h4 Be5 42. h5 Qd4 43. hxg6 Qd3 44. Qe2 Rd4 45. Qxd3 Rxd3 46. Ndf2
Ra3 47. Bd1 Rxa2 48. Bb3 Ra3 49. Bf7 Rxa4 50. g4 b6 51. cxb6 Rb4 52. Nc5 Rxb6
53. Nd7 Rb5 54. Nxe5 Rxe5 55. Nd3 Rg5 56. Kf3 h5 57. gxh5 Rxh5 58. Kg4 Rh1 59.
Nf4 Rg1+ 60. Kf5 Rf1 61. Ke5 Re1+ 62. Kd6 Rf1 63. Nh5+ Kh6 64. Ke6 Rg1 65. Nf4
c5 66. Kf5 Rf1 67. Ke5 1/2-1/2

[Event "NED-ch 1996 sf"]
[Site "Enschede"]
[Date "1995.??.??"]
[Round "8"]
[White "Van Doeland, Julius"]
[Black "Zagema, Wieb"]
[Result "1-0"]
[WhiteElo "2290"]
[BlackElo "2395"]
[PlyCount "61"]
[EventDate "1995.??.??"]

1. Nf3 c5 2. c4 Nc6 3. Nc3 e5 4. g3 g6 5. d3 Bg7 6. Bg2 Nge7 7. O-O O-O 8. Ne1
d6 9. Nc2 h6 10. Ne3 Nd4 11. Ned5 Nec6 12. e3 Ne6 13. f4 f5 14. a3 Bd7 15. Rb1
Be8 16. Bd2 Rc8 17. b4 b6 18. b5 Nb8 19. Kh1 g5 20. e4 gxf4 21. gxf4 Nxf4 22.
Nxf4 exf4 23. Nd5 Nd7 24. exf5 Rxf5 25. Nxf4 Ne5 26. Ne6 Rxf1+ 27. Qxf1 Qh4 28.
Bd5 Ng4 29. Nxg7+ Kh8 30. Qf8+ Kh7 31. Qg8+ 1-0

[Event "NED-ch 1996 sf"]
[Site "Enschede"]
[Date "1995.??.??"]
[Round "9"]
[White "Borst, Johan"]
[Black "Bosboom, Manuel"]
[Result "0-1"]
[WhiteElo "2320"]
[BlackElo "2450"]
[PlyCount "53"]
[EventDate "1995.??.??"]

1. d4 Nf6 2. Nc3 d5 3. Bg5 Nbd7 4. Nf3 h6 5. Bh4 e6 6. e4 dxe4 7. Nxe4 Be7 8.
Nxf6+ Nxf6 9. Bd3 c5 10. Qe2 Qa5+ 11. c3 O-O 12. Ne5 cxd4 13. O-O dxc3 14. Bxf6
Bxf6 15. Qe4 Rd8 16. Qh7+ Kf8 17. Ng4 cxb2 18. Rab1 Bd4 19. Rfe1 Bd7 20. Ne3
Bxe3 21. Rxe3 Rac8 22. h4 Rc1+ 23. Kh2 Bc6 24. Rxb2 Rd4 25. f4 Rxf4 26. Qh8+
Ke7 27. Rxe6+ 0-1

[Event "NED-ch 1996 sf"]
[Site "Enschede"]
[Date "1995.??.??"]
[Round "9"]
[White "Hendriks, Willy"]
[Black "Bosch, Jeroen"]
[Result "1/2-1/2"]
[WhiteElo "2395"]
[BlackElo "2425"]
[PlyCount "77"]
[EventDate "1995.??.??"]

1. e4 Nf6 2. e5 Nd5 3. d4 d6 4. Nf3 Bg4 5. Be2 e6 6. h3 Bh5 7. c4 Nb6 8. Nc3
Be7 9. O-O O-O 10. Be3 d5 11. c5 Bxf3 12. gxf3 Nc8 13. f4 Nc6 14. f5 exf5 15.
Bf3 Bg5 16. Nxd5 f4 17. Nxf4 Bxf4 18. Bxf4 Qxd4 19. Qxd4 Nxd4 20. Bg4 Ne7 21.
Rad1 Nec6 22. Be3 Rad8 23. Rd2 Ne6 24. Rxd8 Rxd8 25. f4 g6 26. Rd1 Rxd1+ 27.
Bxd1 Nb4 28. Bf3 c6 29. a3 Nd3 30. b4 a6 31. Bg4 h5 32. Bxe6 fxe6 33. Kf1 Nb2
34. Ke2 Nc4 35. Bc1 b5 36. h4 a5 37. Kf3 a4 38. Kg3 Kf7 39. Kf3 1/2-1/2

[Event "NED-ch 1996 sf"]
[Site "Enschede"]
[Date "1995.??.??"]
[Round "9"]
[White "Hommeles, Theo"]
[Black "Strating, Sybolt"]
[Result "1-0"]
[WhiteElo "2275"]
[BlackElo "2310"]
[PlyCount "95"]
[EventDate "1995.??.??"]

1. e4 c5 2. Nf3 d6 3. d4 cxd4 4. Nxd4 Nf6 5. Nc3 g6 6. Be3 Bg7 7. f3 Nc6 8. Qd2
O-O 9. Bc4 Bd7 10. O-O-O Ne5 11. Bb3 Qa5 12. Kb1 Rfc8 13. h4 Nc4 14. Bxc4 Rxc4
15. Nb3 Qd8 16. Bh6 Bxh6 17. Qxh6 Qf8 18. Qe3 b5 19. g4 b4 20. Ne2 Rc7 21. h5
a5 22. e5 dxe5 23. Qxe5 Rac8 24. hxg6 hxg6 25. Rh4 Qg7 26. Rdh1 Kf8 27. Ng3 Ng8
28. Qe3 Rxc2 29. Nd4 R2c4 30. Nge2 e5 31. Nb3 Qf6 32. Nd2 Rc2 33. Ne4 Qa6 34.
Rh8 Rxe2 35. Rxg8+ Kxg8 36. Qh6 Rc1+ 37. Rxc1 Bxg4 38. Rd1 Qb6 39. Qh4 Bd7 40.
Nf6+ Kg7 41. Nxd7 Qc6 42. Ka1 Rc2 43. Qg5 Qxf3 44. Qxe5+ f6 45. Qe7+ Kh6 46.
Qf8+ Kg5 47. Rg1+ Rg2 48. Qxf6+ 1-0

[Event "NED-ch 1996 sf"]
[Site "Enschede"]
[Date "1995.??.??"]
[Round "9"]
[White "Langeweg, Kick"]
[Black "Knoppert, Erik"]
[Result "1/2-1/2"]
[WhiteElo "2375"]
[BlackElo "2400"]
[PlyCount "119"]
[EventDate "1995.??.??"]

1. d4 Nf6 2. Nf3 c5 3. d5 b5 4. Bg5 Qb6 5. Bxf6 Qxf6 6. c3 Qb6 7. e4 d6 8. a4
bxa4 9. Qxa4+ Bd7 10. Qa2 a5 11. Nbd2 a4 12. Nc4 Qc7 13. Bd3 g6 14. O-O Bg7 15.
h3 O-O 16. Rfe1 Bb5 17. Rad1 Nd7 18. Na3 Bxd3 19. Rxd3 Rfb8 20. Nc4 Ra6 21. Re2
Rb7 22. Na3 Qb8 23. Rdd2 Rab6 24. Nc4 Ra6 25. Na3 Rb3 26. Rc2 Bh6 27. Qa1 Nb6
28. Nd2 Bxd2 29. Rcxd2 Ra8 30. Qe1 Nd7 31. f4 f6 32. Qh4 Qc8 33. e5 dxe5 34. d6
exd6 35. Rxd6 Ra6 36. fxe5 Nxe5 37. Rxf6 Rxf6 38. Qxf6 Nf7 39. Nc4 Rb7 40. Qa6
Qd7 41. Qe6 Qc7 42. Qf6 Qd7 43. Qe6 Qc7 44. Qd5 Rb8 45. Rf2 Re8 46. Rf1 Kg7 47.
Nb6 Nh6 48. Qd7+ Qxd7 49. Nxd7 Re2 50. Nxc5 Nf5 51. Rf2 Re1+ 52. Kh2 Ne3 53. g4
Nd1 54. Rd2 a3 55. bxa3 Nxc3 56. Rd3 Re2+ 57. Kg3 Rc2 58. Ne6+ Kf6 59. Nd4 Rc1
60. Kf3 1/2-1/2

[Event "NED-ch 1996 sf"]
[Site "Enschede"]
[Date "1995.??.??"]
[Round "9"]
[White "Lemmers, Oscar"]
[Black "Douven, Rudy"]
[Result "0-1"]
[WhiteElo "2355"]
[BlackElo "2410"]
[PlyCount "124"]
[EventDate "1995.??.??"]

1. e4 c6 2. d4 g6 3. Nc3 d5 4. e5 f6 5. f4 Nh6 6. Nf3 Bg4 7. h3 Bxf3 8. Qxf3 e6
9. Be3 Bb4 10. exf6 Qxf6 11. g4 Nf7 12. Qf2 Nd7 13. Bd3 O-O-O 14. Kd2 Nc5 15.
a3 Nxd3 16. cxd3 Bd6 17. Raf1 Rdf8 18. Ne2 Qd8 19. f5 Qb6 20. Kc2 a5 21. Nc3
gxf5 22. gxf5 exf5 23. Qxf5+ Kb8 24. Qh5 Qc7 25. Rf3 Nd8 26. Rhf1 Rxf3 27. Rxf3
Rf8 28. Rxf8 Bxf8 29. Qf5 Bd6 30. Bg5 Qf7 31. Qxf7 Nxf7 32. Bd2 Kc7 33. a4 b6
34. Kd1 Kd7 35. Ke2 Ke6 36. Kf3 Bb4 37. Bf4 Bxc3 38. bxc3 b5 39. axb5 cxb5 40.
Bd2 a4 41. Bc1 Kf5 42. Ba3 Nd8 43. Ke3 Ne6 44. c4 Nc7 45. Bd6 Ne8 46. Bc5 bxc4
47. dxc4 dxc4 48. Kd2 Ke4 49. Kc3 Kd5 50. Kb4 Nc7 51. Kxa4 Ne6 52. Kb4 h5 53.
h4 Nf4 54. Kc3 Ng6 55. Kd2 Nxh4 56. Ke3 Nf5+ 57. Kf4 h4 58. Kg4 c3 59. Ba3 Kxd4
60. Bc1 Kd3 61. Bf4 c2 62. Bc1 Ke2 0-1

[Event "NED-ch 1996 sf"]
[Site "Enschede"]
[Date "1995.??.??"]
[Round "9"]
[White "Oei, Hway Ik"]
[Black "Perez Garcia, Hebert"]
[Result "1/2-1/2"]
[WhiteElo "2235"]
[BlackElo "2240"]
[PlyCount "100"]
[EventDate "1995.??.??"]

1. d4 e6 2. e4 d5 3. Nd2 c5 4. exd5 exd5 5. Ngf3 Nc6 6. Be2 cxd4 7. O-O Bd6 8.
Nb3 Nge7 9. Nbxd4 O-O 10. c3 Bg4 11. Re1 h6 12. Be3 a6 13. Qd3 Qc7 14. h3 Bh5
15. Nh4 Ne5 16. Qd1 Bxe2 17. Qxe2 Nc4 18. Rad1 Rfd8 19. Bc1 Nc6 20. Nhf5 Bf8
21. Rd3 Kh7 22. Nf3 g6 23. N5d4 Bg7 24. Red1 Re8 25. Qf1 Rad8 26. Nc2 Qa5 27.
a3 Qa4 28. Ne3 Nxe3 29. Bxe3 Qb3 30. R3d2 Na5 31. Bd4 Nc4 32. Re2 Rxe2 33. Qxe2
Rd7 34. Rb1 Nxa3 35. Re1 Nc2 36. Bxg7 Nxe1 37. Nd4 Qa4 38. Bf6 Qa1 39. Kh2 Qc1
40. g3 Rd6 41. Qe7 Rxf6 42. Qxf6 Kg8 43. Qd8+ Kg7 44. Qe7 Kg8 45. Qe8+ Kg7 46.
Qe7 Kg8 47. Qe8+ Kg7 48. Qe5+ Kg8 49. Qb8+ Kg7 50. Qe5+ Kg8 1/2-1/2

[Event "NED-ch 1996 sf"]
[Site "Enschede"]
[Date "1995.??.??"]
[Round "9"]
[White "Van de Oudeweetering, Arthur"]
[Black "Klip, Hans"]
[Result "1-0"]
[WhiteElo "2350"]
[BlackElo "2340"]
[PlyCount "79"]
[EventDate "1995.??.??"]

1. e4 e5 2. Nf3 Nc6 3. Bb5 a6 4. Ba4 Nf6 5. O-O b5 6. Bb3 Bc5 7. a4 Bb7 8. d3
O-O 9. Nc3 b4 10. Nd5 Na5 11. Ba2 Nxd5 12. exd5 d6 13. c3 c6 14. Bd2 Qb6 15.
Qe1 b3 16. Bb1 cxd5 17. d4 e4 18. dxc5 dxc5 19. Ne5 Qe6 20. c4 Qxe5 21. Bxa5 d4
22. Ra3 f5 23. Rxb3 Bc6 24. Rb6 Rf6 25. b4 cxb4 26. Bxb4 a5 27. Ba3 Re8 28. f4
Qe6 29. Qxa5 e3 30. Rxc6 Qxc6 31. Qd5+ Kh8 32. a5 Qa4 33. Qb5 Qxb5 34. cxb5 h6
35. Bd3 e2 36. Re1 Re3 37. a6 Rxd3 38. Bc5 Rd2 39. a7 Ra2 40. Rxe2 1-0